| 000 | 00691nam a2200193Ii 4500 | ||
|---|---|---|---|
| 003 | JO-AjNU | ||
| 008 | 230605s9999||||xx |||||||||||||| ||und|| | ||
| 040 |
_aJO-AjNU _bara _erda _cJO-AjNU |
||
| 041 | _aara | ||
| 050 | 1 | 4 | _aPJ3007.W5 1900 |
| 100 | 3 |
_aتاليف أ.ولفنسون(أبو ذؤيب), _eauthor _96955 |
|
| 245 | 0 | 0 | _aتاريخ اللغات السامية |
| 264 | 3 | 1 | _aلبنان:دار القلم للطباعة والنشر والتوزيع، 1900 |
| 300 | _a255ص | ||
| 336 |
_atext _btxt _2rdacontent |
||
| 337 |
_aunmediated _bn _2rdamedia |
||
| 338 |
_avolume _bnc _2rdacarrier |
||
| 650 | 4 |
_aتاريخ-اللغة السامية-تاريخ اللغات السامية _96956 |
|
| 999 |
_aA35 _c3603 _d3603 |
||